Islam in Russia. (Record no. 8659)

MARC details
000 -LEADER
fixed length control field 00588nam a2200241 a 4500
020 ## - INTERNATIONAL STANDARD BOOK NUMBER
ISBN
082 00 - DEWEY DECIMAL CLASSIFICATION NUMBER
Classification number 297.0947
Author Cutter AUG
100 ## - MAIN ENTRY--AUTHOR NAME
Author name Augustin, Archimandrite
245 ## - TITLE STATEMENT
Title Islam in Russia.
260 ## - PUBLICATION, DISTRIBUTION, ETC. (IMPRINT)
Place of publication Birmingham
Name of publisher Selly Oak College
Year of publication 1980
300 ## - PHYSICAL DESCRIPTION
Number of Pages 11p.
500 ## - GENERAL NOTE
General note includes index and biblioraphy
505 2# - FORMATTED CONTENTS NOTE
Formatted contents note Bibliography
650 ## - SUBJECT ADDED ENTRY--TOPICAL TERM
Topical Term Islam-Russia
942 ## - ADDED ENTRY ELEMENTS (KOHA)
Koha item type Books
700 1# -
-- Augustin, Archimandrite
Holdings
Collection code Home library Current library Date acquired Cost, normal purchase price Full call number Accession Number Koha item type
  Henry Martyn Institute Library Henry Martyn Institute Library 07/26/2007 100.00 297.0947 AUG 010072 Books
                   Copyright © 2026 | Henry Martyn Institute | Hyderabad | TS-500052 | INDIA | Implemented by hmi.edu.in
Hit-Count:

Powered by Koha